AIDS

में बचाया:
ग्रंथसूची विवरण
निगमित लेखक: Deutsche Aids-Hilfe
स्वरूप: पुस्तक
भाषा:अंग्रेज़ी
प्रकाशित: Berlino Deutsche Aids-Hilfe 1996
टैग: टैग जोड़ें
कोई टैग नहीं, इस रिकॉर्ड को टैग करने वाले पहले व्यक्ति बनें!

MARC

LEADER 00000nam a2200000 4500
005 20240626174349.0
008 240626b |||||||| |||| 00| 0 eng d
040 |c GP 
110 |a Deutsche Aids-Hilfe  
245 |a AIDS 
260 |a Berlino  |b Deutsche Aids-Hilfe   |c 1996 
942 |2 ddc  |c BK  |n 0 
952 |0 0  |1 0  |2 ddc  |4 0  |6 614_599300000000000_DEU  |7 1  |9 1504  |a RM  |b RM  |d 2024-06-26  |l 0  |o 614.5993 DEU  |p 218  |r 2024-06-26 17:48:13  |w 2024-06-26  |y BK 
999 |c 1322  |d 1322